Zkroť svou úzkost : rádce pro děti 10-14 let /
Uloženo v:
| Hlavní autor: | |
|---|---|
| Další autoři: | |
| Médium: | Kniha |
| Jazyk: | Czech |
| Vydáno: |
Praha :
Portál,
2026
|
| Vydání: | Vydání první |
| Témata: | |
| Celkem bylo vypůjčeno: | 0x |
| Tagy: |
Žádné tagy |
| LEADER | 02287nam a2200613 i 4500 | ||
|---|---|---|---|
| 001 | 106152 | ||
| 003 | CZ PrNK | ||
| 005 | 20260415130029.0 | ||
| 007 | ta | ||
| 008 | 260211s2026 xr a c f 000 0 cze | ||
| 015 | |a cnb003740288 | ||
| 020 | |a 9788026223856 |q (brožováno) | ||
| 040 | |a ABA001 |b cze |d BOA001 |e rda | ||
| 041 | 1 | |a cze |h eng | |
| 072 | 7 | |a 159.93/.94 |x Senzorické a motorické funkce. Emoce. Vůle |2 Konspekt |9 17 | |
| 072 | 7 | |a 0/9-053.2 |x Literatura pro děti a mládež (naučná) |2 Konspekt |9 26 | |
| 080 | |a 159.942 |2 MRF | ||
| 080 | |a 612.82 |2 MRF | ||
| 080 | |a 159.913 |2 MRF | ||
| 080 | |a 615.851 |2 MRF | ||
| 080 | |a 615.214 |2 MRF | ||
| 080 | |a (035) |2 MRF | ||
| 080 | |a (0.053.2) |2 MRF | ||
| 100 | 1 | |a Batte, Summer |7 pna20261292428 |4 aut |9 117274 | |
| 240 | 1 | 0 | |a Name & tame your anxiety. |l Česky |
| 245 | 1 | 0 | |a Zkroť svou úzkost : |b rádce pro děti 10-14 let / |c Summer Batte ; z anglického originálu Name and tame your anxiety ... přeložila Petra Diestlerová |
| 250 | |a Vydání první | ||
| 264 | 1 | |a Praha : |b Portál, |c 2026 | |
| 300 | |a 142 stran : |b barevné ilustrace ; |c 23 cm | ||
| 336 | |a text |b txt |2 rdacontent | ||
| 337 | |a bez média |b n |2 rdamedia | ||
| 338 | |a svazek |b nc |2 rdacarrier | ||
| 500 | |a Terminologický slovník | ||
| 504 | |a Obsahuje bibliografii | ||
| 650 | 0 | 7 | |a úzkost |7 ph128368 |2 czenas |9 2636 |
| 650 | 0 | 7 | |a mozek |7 ph123008 |2 czenas |
| 650 | 0 | 7 | |a zvládání stresu |7 ph135858 |2 czenas |9 3963 |
| 650 | 0 | 7 | |a psychoterapie |7 ph115954 |2 czenas |
| 650 | 0 | 7 | |a antidepresiva |7 ph137961 |2 czenas |9 1460 |
| 650 | 0 | 9 | |a anxiety |2 eczenas |
| 650 | 0 | 9 | |a brain |2 eczenas |
| 650 | 0 | 9 | |a stress management |2 eczenas |
| 650 | 0 | 9 | |a psychotherapy |2 eczenas |
| 650 | 0 | 9 | |a antidepressants |2 eczenas |
| 655 | 7 | |a příručky |7 fd133209 |2 czenas |9 155 | |
| 655 | 7 | |a publikace pro děti |7 fd133156 |2 czenas |9 23 | |
| 655 | 9 | |a handbooks and manuals |2 eczenas | |
| 655 | 9 | |a children's literature |2 eczenas | |
| 700 | 1 | |a Diestlerová, Petra, |d 1972- |7 xx0029435 |4 trl |9 11340 | |
| 710 | 2 | |a Portál (nakladatelství) |7 ko2003199531 |4 pbl |9 117200 | |
| 910 | |a UOG502 | ||
| 942 | |2 ddc |c KN | ||
| 999 | |d 106152 | ||
| 993 | |0 0 |1 421180106877 |2 ddc |4 0 |6 1_000000000000000 |7 0 |9 99466 |b 0 |c 106877 |d 2026-04-15 |e 0 |f M |g 1 |h 369.00 |i Koupě |l M |r 2026-04-15 |t 7 |w 2026-04-15 |y KN |z NAUCNA |n | ||